| 000 | 00690nam a2200229 a 4500 | ||
|---|---|---|---|
| 005 | 20140310183527.0 | ||
| 008 | 111114s19uu xx 00 eng d | ||
| 020 | _a9789715849678 | ||
| 050 |
_aKPM 982.4 _b.P34 2010 |
||
| 100 | _aPagusan, Sinforoso R. | ||
| 245 |
_aThe law and advertising / _cSinforoso R. Pagusan. |
||
| 250 | _aRev. ed. | ||
| 260 |
_aQuezon City : _bC & E Pub, _c2010. |
||
| 300 |
_aix, 205 p. : _bill. ; _c23 cm. |
||
| 521 | _aBSBA | ||
| 650 |
_aAdvertising laws _xPhilippines |
||
| 650 |
_aLiability (Law) _xPhilippines |
||
| 650 |
_aTrademarks _xLaw and legislation _xPhilippines |
||
| 650 |
_aCopyright _xPhilippines |
||
| 942 |
_cBK _2lcc _kLOC |
||
| 999 |
_c24543 _d24543 |
||